[Event "SLO-chT2 West"]
[Site "Komenda"]
[Date "2022.11.19"]
[Round "2.5"]
[White "Ojstersek, Peter"]
[Black "Pazlar, Marko"]
[Result "0-1"]
[WhiteElo "1605"]
[BlackElo "2003"]
[PlyCount "100"]
[EventDate "2022.11.19"]
[EventType "team-tourn"]
[EventRounds "7"]
[EventCountry "SLO"]
[SourceTitle "EXT 2024"]
[Source "ChessBase"]
[SourceDate "2023.10.10"]
[SourceVersion "1"]
[SourceVersionDate "2023.10.10"]
[SourceQuality "1"]
[WhiteTeam "Komenda SK II"]
[BlackTeam "Jesenice Acroni"]
[WhiteTeamCountry "SLO"]
[BlackTeamCountry "SLO"]

1. d4 e6 2. c4 f5 3. Nf3 Nf6 4. Bg5 Bb4+ 5. Bd2 a5 6. a3 Bxd2+ 7. Nbxd2 b6 8. e3 Bb7 9. Be2 0-0 10. 0-0 a4 11. Rc1 d6 12. Ne1 Nbd7 13. Bf3 Ne4 14. Qc2 Nxd2 15. Qxd2 Bxf3 16. Nxf3 Qf6 17. Rfe1 Ra5 18. Rc2 e5 19. dxe5 Nxe5 20. Nd4 Qf7 21. Rec1 f4 22. exf4 Qxf4 23. Qxf4 Rxf4 24. Nb5 Rxc4 25. Rxc4 Nxc4 26. Nxc7 Nxb2 27. Rc6 Rc5 28. Rxc5 bxc5 29. Nb5 d5 30. Nc3 d4 31. Ne4 c4 32. Kf1 c3 33. Ke2 d3+ 34. Ke3 d2 35. Nxd2 cxd2 36. Kxd2 Nc4+ 37. Kc3 Nxa3 38. Kb4 Nb5 39. Kxa4 Nc3+ 40. Kb3 Nd1 41. f3 Ne3 42. g4 g5 43. Kc3 Kg7 44. Kd3 Ng2 45. Ke4 Kf6 46. Kd5 Ne3+ 47. Kd4 Nf1 48. Kd3 Nxh2 49. Ke2 Ke5 50. Ke3 h6 0-1

[Event "SLO-chT Central 23rd"]
[Site "Slovenia"]
[Date "2022.10.13"]
[Round "4.4"]
[White "Saradjen, Darja"]
[Black "Ojstersek, Peter"]
[Result "0-1"]
[WhiteElo "1739"]
[BlackElo "1605"]
[PlyCount "86"]
[EventDate "2022.09.15"]
[EventType "team-swiss"]
[EventRounds "9"]
[EventCountry "SLO"]
[SourceTitle "EXT 2024"]
[Source "ChessBase"]
[SourceDate "2023.10.10"]
[SourceVersion "1"]
[SourceVersionDate "2023.10.10"]
[SourceQuality "1"]
[WhiteTeam "Menges Trzin II"]
[BlackTeam "Komenda Popotnik"]
[WhiteTeamCountry "SLO"]
[BlackTeamCountry "SLO"]

1. e4 c6 2. Nf3 d5 3. exd5 cxd5 4. d4 Bg4 5. Be2 Nf6 6. 0-0 e6 7. a3 a6 8. Re1 Be7 9. Be3 Nc6 10. Nbd2 0-0 11. b3 Qc7 12. h3 Bh5 13. c4 a5 14. Qc1 Bg6 15. Nf1 Rfd8 16. Ng3 Ne4 17. Bf4 Qb6 18. c5 Qa7 19. Qe3 b6 20. b4 axb4 21. Bb5 Qb7 22. Bxc6 Qxc6 23. Ne5 Qb5 24. Nxg6 hxg6 25. Bc7 Rd7 26. Bxb6 bxa3 27. Rxa3 Rxa3 28. Qxa3 Qxb6 29. cxb6 Bxa3 30. Ra1 Nxg3 31. Rxa3 Ne4 32. Ra7 Rd8 33. Rc7 Rb8 34. Rc6 Rb7 35. f3 Nf6 36. Kf2 Kf8 37. Ke3 Ke7 38. g4 Kd7 39. Rc7+ Rxc7 40. bxc7 Kxc7 41. Kf4 Kc6 42. h4 Kb5 43. Ke5 Kc4 0-1